Basketteurs par description. #2 - Statistiques

Statistiques générales
  • Ce quiz a été pris 210 fois
  • Le résultat moyen est 10 sur 15
Statistiques - réponses
Descriptions Basketteurs % Correct
Je suis sans doute le meilleur lieutenant de l'histoire. Je suis le bras droit de Michael Jordan lors de l'hégémonie des Chicago Bulls dans les années 1990. Je suis quelque peu effacé par Michael Jordan qui a pris toute la lumière lors des victoires NBA. Le film "The Last Dance" explique très bien ma relation avec Jordan. Je suis... Scottie Pippen
94%
Mon mentor David Robinson m'a sans doute permis d'être le joueur que j'ai été. J'ai évolué de la fin des années 1990 au milieu des années 2010, tout cela aux Spurs. J'ai évolué au poste d'ailier fort puis de pivot, sur la fin de ma carrière. Je suis le meilleur scoreur de l'histoire de ma franchise et j'ai remporté le titre MVP de saison régulière en 2002 et 2003. Je suis... Tim Duncan
86%
Sans doute l'un des meilleurs joueurs américains actuels, mon équipe des Timberwolves peine à aller plus loin que la finale de la conférence Ouest. J'ai eu une enfance difficile, ce qui me vaut mon caractère bien trempé actuellement. Je suis le plus gros trashtalker du moment, n'hésitant pas à monter au Dunk face à des pivots beaucoup plus grands. Surnommé "Antman", je suis... Anthony Edwards
84%
On me compare souvent à Victor Wembanyama car je suis un jeune joueur, très grand par la taille. J'évolue au poste de pivot ou au poste d'ailier fort du côté du Thunder. L'année dernière, j'ai remporté une bague en étant le troisième meilleur joueur majeur de ma franchise. Je suis... Chet Holmgren
81%
Je suis un joueur emblématique depuis le début des années 2010. J'ai évolué aux Spurs au début de ma carrière, franchise avec laquelle je vais être élu MVP des finales en 2014. J'ai ensuite joué aux Raptors pendant une saison et j'ai également remporté une bague avec cette franchise. J'ai ensuite signé aux Clippers, franchise pour laquelle j'évolue actuellement. Je suis... Kawhi Leonard
81%
Je suis l'homme avec le meilleur pourcentage de tirs à 3 points, c'est peut-être pour cela que mon chouchou Stephen Curry a d'excellentes statistiques également. Vous l'avez compris, je suis le coach des Warriors, je suis... Steve Kerr
80%
Ma franchise des Blazers est à jamais dans mon coeur. J'ai évolué et j'évolue toujours dans l'Oregon. J'ai cependant passé deux saisons aux Bucks aux côtés de Giannis Antetokounmpo. Je suis le meilleur marqueur de la franchise des Blazers pour laquelle j'ai resigné en 2025. Je suis... Damian Lillard
71%
Je viens de la même draft que Lebron James. J'ai été drafté aux Nuggets mais c'est aux Knicks que je réaliserai mes meilleurs performances. J'ai fini avec la meilleure moyenne de points marqués lors de la saison 2012-2013. Je suis également un élément majeur de la Team USA lors des différentes éditions des J.O. Je suis... Carmelo Anthony
68%
Je suis un meneur ayant principalement évolué dans les années 2000. Ma franchise principale est les Suns de Phoenix, avec laquelle j'ai remporté deux titres MVP de saison régulière. Joueur Canadien possédant également la nationalité sud-africaine. Je suis... Steve Nash
68%
J'ai remporté le titre MVP de saison régulière en 1997 et 1999 du côté des Utah Jazz. Je suis le meilleur scoreur de la décennie 1990. Et à la fin de ma carrière, je serai l'un des meilleurs scoreurs de l'histoire. J'ai formé une doublette efficace avec John Stockton, le passeur impérial. Malgré Stockton ou encore Hornacek aux Jazz, je n'ai jamais remporté de bague. Je suis... Karl Malone
61%
Je suis le seul joueur à avoir été élu trois fois de suite meilleur défenseur de l'année entre 2009 et 2011, du côté des Magic d'Orlando. Je suis sans doute un des meilleurs contreurs et dunkeurs de l'histoire de la ligue. Actuellement, j'évolue à Taiwan, je suis... Dwight Howard
60%
Je suis sans doute le meilleur défenseur des années 1990. En effet, je suis un pivot congolais au physique impressionnant. J'ai remporté à 4 reprises le titre de meilleur défenseur de l'année, en particulier du côté des Hawks d'Atlanta. Je suis... Dikembe Mutombo
51%
Je suis un pivot complet, tant habile en attaque qu'en défense. J'ai évolué aux Knicks pendant 15 ans jusqu'à 2000. Je suis drafté à la première place en 1985 puis la saison suivante, j'ai été élu meilleur rookie de l'année. Je suis... Patrick Ewing
50%
Je suis un meneur ayant évolué dans les années 1960-1970 aux Royals et aux Bucks. Je suis le premier joueur de l'histoire à avoir effectué une saison régulière avec une moyenne de triple double. Je suis également MVP de saison régulière en 1964. Je suis... Oscar Robertson
47%
Tant bien que mal, j'ai tenté de poursuivre la lignée des grands meneurs des Celtic de Boston. Au sein d'une période assez creuse des années 2000, les arrivées simultanées de Ray Allen et de Kevin Garnett viennent renforcer l'équipe. Boston redevient une franchise compétitive et nous arrivons à glaner un titre en 2008 face aux Lakers de Kobe. Je suis... Paul Pierce
44%
Aucun quiz correspondant
Distribution des résultats
% des personnes avec chaque résultat
Percentile par nombre de réponses
Votre historique - résultats
Vous n’avez pas pris ce quiz